Statistiques concernant Focus sur: Azog - Tolkien

Cliquez ici pour prendre le quiz!

Statistiques générales

  • Ce quiz a été pris 48 fois
  • Le résultat moyen est 6 sur 10

Statistiques - réponses

Informations recherchéesRéponses% Correct
Première mentionLe Hobbit
91%
EspèceOrque
91%
Age durant lequel il vécutTroisième
89%
Profession et titreChef des orques de Moria
87%
Surnoms (films)Le Profanateur
72%
FilsBolg
61%
CitéMoria
59%
ContréeMontagnes de Brume
54%
L'Orque Blanc
28%
Acteur l'interprétant dans les filmsManu Bennett
11%

Distribution des résultats

Percentile par nombre de réponses

% des personnes avec chaque résultat

Votre développement - résultats

Vous n’avez pas pris ce quiz